| 000 | 01531nam a22002057a 4500 | ||
|---|---|---|---|
| 003 | BJBSDDR | ||
| 005 | 20260316154033.0 | ||
| 007 | ta | ||
| 008 | 260316s2023 sp ||||| |||| 00| 0 spa d | ||
| 020 | _a9788474768961 | ||
| 040 |
_bspa _cBJBSDDR |
||
| 041 | _aspa | ||
| 050 | _bIo64 2023 | ||
| 245 | 1 | 0 |
_a IOP/CIS 1963-2023 : _ben la memoria de sus directores y presidentes / _cCristóbal Torres Albero |
| 260 |
_aMadrid : _bCentro de Investigaciones Sociológicas, _c2023 |
||
| 300 |
_a362 páginas : _bilustraciones ; _c25 cm |
||
| 520 | _aLa obra IOP y CIS 1963-2023 En la memoria de sus Directores y Presidentes (2.ª Edición Actualizada), es un proyecto editorial que tiene, como objetivo fundamental hacer memoria común y conjunta de ambos organismos y de su papel como centros de investigación de referencia en España y en Europa en lo que al ámbito de la sociología y la ciencia política se refierePara ello, se ha planteado rememorar la memoria oral, directa y concreta de quienes han ocupado a lo largo de estas décadas la dirección y la presidencia del IOP/CIS. Ambos Organismos han sido protagonistas de los profundos cambios experimentados por la sociedad española, contribuyendo con su labor al desarrollo de la Sociología y la Ciencia Política en nuestro país. En definitiva, esta obra permitirá conocer al lector las experiencias y las dificultades que los máximos representantes de dichos organismos se han encontrado a lo largo de estos sesenta años | ||
| 942 |
_2lcc _n0 _cBK |
||
| 946 | _icmc | ||
| 999 |
_c126597 _d126597 |
||